Slums And Urbanization (Record no. 118646)

MARC details
000 -LEADER
fixed length control field 00318pam a2200145 a 4500
020 ## - INTERNATIONAL STANDARD BOOK NUMBER
Terms of availability
041 ## - LANGUAGE CODE
Language code of original
082 ## - DEWEY DECIMAL CLASSIFICATION NUMBER
Item number DES
100 ## - MAIN ENTRY--PERSONAL NAME
Personal name Desai, A.R.
245 ## - TITLE STATEMENT
Title Slums And Urbanization
Medium Textual Documents
260 ## - PUBLICATION, DISTRIBUTION, ETC.
Place of publication, distribution, etc. Mumbai
Name of publisher, distributor, etc. Popular Prakashan
300 ## - PHYSICAL DESCRIPTION
Extent 356/CB
700 ## - ADDED ENTRY--PERSONAL NAME
Personal name Pillai, S.Devadas
930 ## - EQUIVALENCE OR CROSS-REFERENCE-UNIFORM TITLE HEADING [LOCAL, CANADA]
Uniform title 11824
Holdings
Withdrawn status Lost status Damaged status Not for loan Collection Home library Current library Date acquired Source of acquisition Cost, normal purchase price Total Checkouts Full call number Barcode Date last seen Copy number Price effective from Koha item type
          Abhijit Kadam Institute of Management & Social Science, Solapur Abhijit Kadam Institute of Management & Social Science, Solapur 22/12/1983 Ajab Pustakaly 45.00   DES AKS-W-00273 01/03/2023 1 01/03/2023 Book